| 000 | 00535nam a2200145 i 4500 | ||
|---|---|---|---|
| 001 | 183733 | ||
| 003 | ES-MaACL | ||
| 005 | 20230906221948.0 | ||
| 008 | 141007s1908 sp |||| | spa d | ||
| 100 | 1 |
_aGonzález Rodríguez, Agustín. _9155672 |
|
| 245 | 1 | 0 |
_aNaturaleza de la acción paulina _b: discurso leido en el acto del examen para el grado de doctor en derecho / _cpor Agustín González Rodríguez. |
| 260 |
_aZamora : _b[s.n.], _c1908 ( _fHijo de M. Rodriguez) |
||
| 300 |
_a35 p. ; _c21 cm. |
||
| 852 |
_aES-MaACL _jT-164-F-5 |
||
| 999 |
_c183733 _d183733 |
||